00671 a2200217 450000500170000000800410001701000140005802000230007203500130009503700150010804000080012308200120013110000170014324501060016026000400026627000550030630000260036149000320038770000160041970000180043520080825111530.0080825t xxu||||| |||| 00| 0 eng d aENG-87089 a8174874984c450.00 aEN-70622 bDBAD / PUB adpl a320.503 aKapoor, A.N. aA dictionary of political thought and allied conceptscby A.N. Kapoor, V.P. Gupta [and] Mohini Gupta aNew DelhibRadha Publicationsc2007 a4231/1, Ansari Road, DaryaganjbNew Delhie110 002 aix, 314p.c21cm (Hb) aFrontiers of knowledgevv.1 aGupta, V.P. aGupta, Mohini